000 00729nam a2200217 a 4500
001 000043609
005 20230417152700.0
008 140331s1970 sp 000 0 spa d
040 _aDO-SdBNP
_bspa
_cBNPHU
082 _a822.33
_bS527r
100 1 _aShakespeare, William
_d1564-1616
_96748
245 1 0 _aRomeo y Julieta; :
_bRicardo III /
_cWilliam Shakespeare; prólogo J. Enrique García Melero.
260 _aMadrid :
_bLibra,
_c1970.
300 _a207 p. ;
_c17 cm.
490 1 _aPurpura
_v3
500 _aDos obras encuadernadas juntas con paginación continua.
650 0 _aTeatro inglés
_96749
650 4 _aLiteratura inglesa
_9498
700 1 2 _aGarcía Melero, J. Enrique
_eprol.
_948168
830 0 _aPurpura
_n3
_971420
999 _c43098
_d43098